Comparative resource allocation (Record no. 583216)

MARC details
000 -LEADER
fixed length control field 00817nam a2200265Ia 4500
003 - CONTROL NUMBER IDENTIFIER
control field OSt
005 - DATE AND TIME OF LATEST TRANSACTION
control field 20220925225305.0
008 - FIXED-LENGTH DATA ELEMENTS--GENERAL INFORMATION
fixed length control field 220923b |||||||| |||| 00| 0 eng d
037 ## - SOURCE OF ACQUISITION
Terms of availability General Book
040 ## - CATALOGING SOURCE
Original cataloging agency RTL
Transcribing agency RTL
Language of cataloging eng
041 ## - LANGUAGE CODE
Source of code eng
Language code of text/sound track or separate title eng
100 ## - MAIN ENTRY--PERSONAL NAME
Personal name Groth Alexander J
245 #0 - TITLE STATEMENT
Title Comparative resource allocation
Remainder of title Politics, performance,and policy priorities
260 ## - PUBLICATION, DISTRIBUTION, ETC.
Place of publication, distribution, etc. London
Name of publisher, distributor, etc. Sage
Date of publication, distribution, etc. 1984
300 ## - PHYSICAL DESCRIPTION
Extent 247p
Dimensions cm.
490 ## - SERIES STATEMENT
Series statement Sage yearbook in politicy and public policy. 13
500 ## - GENERAL NOTE
General note Bibliography chapterwise
650 ## - SUBJECT ADDED ENTRY--TOPICAL TERM
Topical term or geographic name entry element Economics IRT Sociology
700 ## - ADDED ENTRY--PERSONAL NAME
Personal name Wade Larry L Ed.
9 (RLIN) 244247
942 ## - ADDED ENTRY ELEMENTS (KOHA)
Classification part X0gY, M4
Koha item type General Books
Source of classification or shelving scheme Colon Classification (CC)
Holdings
Withdrawn status Lost status Damaged status Not for loan Home library Current library Date acquired Total Checkouts Full call number Barcode Date last seen Price effective from Koha item type
        Ratan Tata Library Ratan Tata Library 2022-09-25   X0gY M4 RT0837588 2022-09-25 2022-09-25 General Books
Copyright @ Delhi University Library System